Sports Quiz

Random Sports or World Cup Quiz

England Rugby World Cup squads Quiz Stats

 Plays Quiz not verified by Sporcle

Score 0/161 Timer 10:00
0 Plays Today
% Correct
Jonny Wilkinson
96.7%
Jonny Wilkinson
96.7%
Jonny Wilkinson
96.7%
Jonny Wilkinson
96.7%
Martin Johnson
96.2%
Martin Johnson
96.2%
Martin Johnson
95.3%
Tom Wood
93.5%
Jason Robinson
93%
Jason Robinson
93%
Ben Youngs
92.8%
Tom Youngs
92.7%
Owen Farrell
92.7%
Matt Dawson
92.6%
Matt Dawson
92.6%
Tom Wood
92.6%
Mako Vunipola
90.8%
Billy Vunipola
90.8%
Mike Brown
90.6%
Ben Youngs
90.2%
Mike Tindall
89.8%
Mike Tindall
89.8%
George Ford
89.2%
Danny Care
89.2%
Dan Cole
89.2%
Lawrence Dallaglio
89%
Lawrence Dallaglio
89%
Lawrence Dallaglio
89%
Will Greenwood
89%
Will Greenwood
89%
Steve Thompson
88.7%
Steve Thompson
88.7%
Courtney Lawes
87.4%
Neil Back
87.2%
Neil Back
87.2%
Josh Lewsey
87%
Josh Lewsey
87%
Phil Vickery
87%
Phil Vickery
87%
Phil Vickery
87%
Chris Robshaw
86.4%
Richard Hill
86.2%
Richard Hill
86.2%
Ben Kay
85.4%
Ben Kay
85.4%
Chris Ashton
85%
Dan Cole
84.7%
Sir Clive Woodward
84.5%
Sir Clive Woodward
84.5%
Mike Catt
84.4%
Mike Catt
84.4%
Mike Catt
84.4%
Ben Cohen
84.2%
Brian Ashton
84.1%
% Correct
Jason Leonard
83.7%
Jason Leonard
83.7%
Lewis Moody
83.4%
Lewis Moody
83.4%
Lewis Moody
83.4%
Dylan Hartley
83.2%
Joe Launchbury
83.1%
Jonny May
82.6%
Anthony Watson
82.1%
Nick Easter
82.1%
Jonathan Joseph
82%
Joe Marler
81.6%
James Haskell
81.1%
Stuart Lancaster
80.6%
Courtney Lawes
80.5%
Alex Goode
80.3%
Jack Nowell
80%
Nick Easter
79.7%
Nick Easter
79.7%
Simon Shaw
78.7%
Simon Shaw
78.7%
Simon Shaw
78.7%
Richard Wigglesworth
78.6%
Andy Farrell
77.7%
Mark Cueto
76.9%
Mark Cueto
76.9%
Sam Burgess
76.6%
Manu Tuilagi
76.6%
Ben Morgan
76.1%
George Kruis
75.9%
Andrew Sheridan
74.9%
Andrew Sheridan
74.9%
Trevor Woodman
74.7%
Jamie George
74.5%
James Haskell
74.3%
Danny Grewcock
73.9%
Danny Grewcock
73.9%
Toby Flood
73.8%
Toby Flood
73.8%
Kyran Bracken
73.7%
Kyran Bracken
73.7%
Brad Barritt
72.7%
Martin Corry
72.7%
Martin Corry
72.7%
Martin Corry
72.7%
Dan Luger
70.8%
Dan Luger
70.8%
Joe Worsley
70.6%
Joe Worsley
70.6%
Joe Worsley
70.6%
Richard Wigglesworth
70.4%
Ben Foden
70.3%
Paul Grayson
69.8%
Paul Grayson
69.8%
% Correct
Geoff Parling
69.7%
Iain Balshaw
69.7%
Mathew Tait
67.9%
Andy Gomarsall
66.5%
Andy Gomarsall
66.5%
Jeremy Guscott
66.3%
Dave Wilson
64.6%
Mark Regan
64.3%
Mark Regan
64.3%
Lee Mears
63%
Lee Mears
63%
Henry Slade
62.8%
Steve Borthwick
62.1%
Matt Perry
61.7%
Shaun Perry
61.4%
Graham Rowntree
61.3%
Julian White
61.2%
Alex Corbisiero
61.1%
Austin Healey
61%
Matt Stevens
60%
Matt Stevens
60%
Dave Wilson
59.4%
Dorian West
58.4%
Shontayne Hape
58.2%
Tom Croft
57.6%
Paul Sackey
57.3%
Joe Simpson
56.2%
Tom Palmer
55.4%
Delon Armitage
55.4%
Jamie Noon
53.4%
Rob Webber
51.8%
Phil Greening
51.5%
George Chuter
51.4%
Stuart Abbott
51.2%
Peter Richards
51%
Louis Deacon
50.9%
Richard Cockerill
50.6%
Kieran Brookes
49.6%
Matt Banahan
47.5%
Thomas Waldrom
44%
Tom Rees
42.8%
David Rees
42.8%
Tim Rodber
40.7%
Olly Barkley
40.7%
Phil de Glanville
40.5%
Dan Hipkiss
38.9%
Perry Freshwater
38.3%
Nick Abendanon
36.3%
Darren Garforth
36%
Garath Archer
35.9%
Victor Ubogu
35.2%
Nick Beal
28.5%
Neil McCarthy
21.3%

You're not logged in!

Compare scores with friends on all Sporcle quizzes.
OR
Log In

You Might Also Like...

Show Comments

Extras

Top Quizzes Today


Score Distribution

Your Account Isn't Verified!

In order to create a playlist on Sporcle, you need to verify the email address you used during registration. Go to your Sporcle Settings to finish the process.

Report this User

Report this user for behavior that violates our Community Guidelines.

Details: